A quoi cette Arène Pokémon ressemble-t-elle ? - Statistiques

Statistiques générales
  • Ce quiz a été pris 32 fois
  • Le résultat moyen est 13 sur 20
Statistiques - réponses
Hint Réponse % Correct
Arène de Relifac-le-Haut Une paroi rocheuse
81%
Arène d'Azuria Une piscine
78%
Arène de Port Yoneuve Une mine
74%
Arène d'Ondes-sur-Mer Une salle de concert
74%
Arène de Maillard Une bibliothèque
70%
Arène de Yantreizh Une piste de skateboard
70%
Arène de Parsemille Un hangar d'avions
70%
Arène d'Ogoesse Un restaurant
70%
Arène de Romant-sous-Bois Une maison de poupée
67%
Arène de Vermilava Des sources d'eau chaude
63%
Arène d'Ecorcia Une petite forêt
63%
Arène de Volucité Une ruche
63%
Arène d'Ebenelle L'intérieur d'un volcan
56%
Arène de Voilaroc Une salle de boxe
56%
Arène de Myokara Une salle de sport
56%
Arène de Céladopole Un jardin
56%
Arène de Mérouville Un musée
56%
Arène de Méanville Un parc d'attractions
56%
Stade de Corrifey Un théâtre
48%
Stade de Ludester Un désert
44%
Aucun quiz correspondant
Distribution des résultats
% des personnes avec chaque résultat
Percentile par nombre de réponses
Votre historique - résultats
Vous n’avez pas pris ce quiz